- Indiferentismo (Religión)
Entry Materia
001 - NÚMERO DE CONTROL DEL REGISTRO
- campo de control: 47682
003 - IDENTIFICADOR DE NUMERO DE CONTROL
- campo de control: UPN
005 - FECHA Y HORA DE LA ÚLTIMA TRANSACCIÓN
- campo de control: 20230125134607.0
008 - DATOS DE LONGITUD FIJA
- campo de control de longitud fija: 230125|| aca||babn | a|a d
040 ## - FUENTE DE LA CATALOGACIÓN
- Centro catalogador de origen: UPN
046 ## - FECHAS CON CODIFICACIÓN ESPECIAL
- Fecha final para contenidos agregados: 250123
150 ## - ENCABEZAMIENTO - TEMÁTICO
- Término de materia o nombre geográfico como elemento inicial: Indiferentismo (Religión)
450 ## - VÉASE - MATERIA
- Encabezamiento temático: Indifferentism (Religion)
450 ## - VÉASE - MATERIA
- Encabezamiento temático: Indiferencia (Religión)
450 ## - VÉASE - MATERIA
- Encabezamiento temático: Indiferencia religiosa
450 ## - VÉASE - MATERIA
- Encabezamiento temático: Indiferentismo religioso
670 ## - FUENTE EN LA QUE SE LOCALIZARON DATOS
- Cita de la fuente: DGB/UNAM, Catálogo de Autoridades, 25 enero 2023:
- Información localizada: (Indiferentismo (Religión))
670 ## - FUENTE EN LA QUE SE LOCALIZARON DATOS
- Cita de la fuente: Biblioteca del Congreso (Estados Unidos), 3 junio 2021:
- Información localizada: catálogo electrónico (Indifferentism (Religion))
670 ## - FUENTE EN LA QUE SE LOCALIZARON DATOS
- Cita de la fuente: Biblioteca Nacional de España, Catálogo de Autoridades, 3 junio 2021:
- Información localizada: catálogo electrónico (punto de acceso: Indiferentismo (Religión); variantes: Indiferencia (Religión); Indiferencia religiosa; Indiferentismo religioso)
670 ## - FUENTE EN LA QUE SE LOCALIZARON DATOS
- Cita de la fuente: LEMB digital, 3 junio 2021:
- Información localizada: (Indiferentismo religioso)
750 0# - ASIENTO LIGADO AL ENCABEZAMIENTO - TÉRMINO TEMÁTICO
- Número de control del registro: sh 85065664
- Encabezamiento temático: Indifferentism (Religion)
902 ## - CATALOGADOR
- Catalogador: NDAF/250123
